000
00294nam a22001217a 4500
008
181129b xxu||||| |||| 00| 0 eng d
041
_a
eng
080
_a
043.3
100
_a
0
101
_a
BTH-SHKI
245
_a
Bootstrap, foundation dhe krahasimi në mes tyre
_c
Dobruna,J
942
_2
udc
_c
BK
999
_c
52640
_d
52640